Singapore Armed Forces Generals/Admirals Quiz - Statistics

General Stats
  • This quiz has been taken 6 times
  • The average score is 10 of 41
Answer Stats
Type Position Service Rank Answer % Correct
Service Chiefs Chief of Defence Force Navy VADM Aaron Beng
100%
Service Chiefs Chief of Army Army MG Cai Dexian
100%
Service Chiefs Chief of Air Force Air Force MG Kelvin Fan
83%
Service Chiefs Chief of Digital Intelligence ServiceDirector, Military Intelligence DIS MG Lee Yi-Jin
83%
Service Chiefs Chief of Navy Navy RADM(2) Sean Wat
83%
Singapore Army Commander, 9th Singapore Division Chief Infantry Officer Army BG Fairoz bin Hassan
50%
Awaiting promotion to BG/RADM(1)/ME8 Chief of Medical Corps Army COL(DR) Mark Tan
33%
Singapore Army Commander, Combat Service Support Command Army ME8 Tan Mu Yen
33%
MINDEF/Joint Staff Commandant, SAFTI Military Institute Army BG Tan Tiong Keat
33%
Singapore Army Chief of Staff, General Staff Army BG Wong Shi Ming
33%
MINDEF/Joint Staff Group Chief, Policy and StrategyGroup Chief, Plans and Transformation Air Force BG Amos Yeo
17%
Republic of Singapore Navy Chief of Staff, Naval Staff Navy RADM(1) Augustine Lim
17%
MINDEF/Joint Staff Chief of Staff, Joint StaffSAF Inspector-General Air Force BG Chan Ching Hao
17%
Awaiting promotion to BG/RADM(1)/ME8 Commander, 3rd Singapore Division Army COL Chong Shi Hao
17%
Awaiting promotion to BG/RADM(1)/ME8 Commander, Defence Cyber CommandCommander, Cybersecurity Task Force DIS COL Clarence Cai
17%
Awaiting promotion to BG/RADM(1)/ME8 Director, Defence Policy Office Air Force COL Daxson Yap
17%
MINDEF/Joint Staff Deputy Secretary (Policy) Army BG Frederick Choo
17%
Awaiting promotion to BG/RADM(1)/ME8 Head, Air Engineering and Logistics Department Air Force ME7 Gabriel Tham
17%
Republic of Singapore Air Force Chief of Staff, Air Staff Air Force BG Ho Kum Luen
17%
Awaiting promotion to BG/RADM(1)/ME8 Commander, Joint Intelligence Command DIS COL John Nehemiah Samuel
17%
MINDEF/Joint Staff Director, Military Security Department Air Force BG Joseph Peh
17%
Republic of Singapore Navy Fleet Commander Navy RADM(1) Kwan Hon Chuong
17%
Awaiting promotion to BG/RADM(1)/ME8 Commander, 6th Singapore DivisionCommander, HQ Sense and Strike Army COL Kwek Kian Leong
17%
Singapore Army Chief Armour OfficerCommander, 25th Singapore Division Army BG Lim Han Yong
17%
Singapore Army Assistant Chief of General Staff (Operations) Army BG Low Wilson
17%
Republic of Singapore Air Force Commander, Participation Command Air Force BG Marcel Xu
17%
Awaiting promotion to BG/RADM(1)/ME8 Commander, 2nd People's Defence Force CommandCommander, Island Defence Task Force Army COL Muhammad Helmi
17%
MINDEF/Joint Staff Director of Joint Operations DIS BG Narayanan Letchumanan
17%
Republic of Singapore Navy Commander, Maritime Security CommandCommander, Maritime Security Task Force Navy RADM(1) Ng Xun Xi
17%
Awaiting promotion to BG/RADM(1)/ME8 Head, Naval Operations Department Navy COL Ooi Tjin-Kai
17%
Singapore Army Commander, Training and Doctrine Command Army BG Pang Lead Shuan
17%
Awaiting promotion to BG/RADM(1)/ME8 Commander, Air Power Generation Command Air Force COL Sebastian Chai
17%
Singapore Army Chief Guards Officer Commander, 21st Singapore Division Army BG Wong Pui Chuan
17%
MINDEF/Joint Staff Deputy Secretary (Technology)Future Systems and Technology Architect Army BG Yew Chee Leung
17%
Awaiting promotion to BG/RADM(1)/ME8 Commander, SAF C4 and Digitalisation CommandCommander, SAF C4 Task Force DIS ME7 Guo Jinghua
0%
Awaiting promotion to BG/RADM(1)/ME8 Commander, Air Defence Operations CommandCommander, Air Defence Task Force Air Force COL Ng Guo Feng
0%
Republic of Singapore Air Force Head, Air Operations Department Air Force BG Phua Jia Kai
0%
Republic of Singapore Air Force Commander, Air Combat Command Air Force BG Teo Soo Yeow
0%
Digital Intelligence Service Head, DIS Operations DIS BG Wong Hong Kai
0%
Digital Intelligence Service Commander, Digital Defence Command DIS BG Xu Youfeng
0%
Digital Intelligence Service Chief of Staff, Digital and Intelligence Staff DIS RADM(1) Yong Wei Hsiung
0%
No matching quizzes found
Score Distribution
Percent of People with Each Score
Percentile by Number Answered
Your Score History
You have not taken this quiz